京阪電鉄の駅(五十音順) - Statistics

General Stats
  • This quiz has been taken 17 times
  • The average score is 53 of 89
Answer Stats
頭文字 路線 駅名 % Correct
京阪本線 北浜
100%
京阪本線 京橋
100%
鴨東線 出町柳
100%
京阪本線 寝屋川市
100%
京阪本線/交野線 枚方市
100%
京阪本線
100%
宇治線 宇治
93%
京阪本線 萱島
93%
京阪本線 祇園四条
93%
京阪本線/鴨東線 三条
93%
京阪本線/中之島線 天満橋
93%
中之島線 中之島
93%
京阪本線 守口市
93%
京阪本線 淀屋橋
93%
京阪本線 石清水八幡宮
86%
交野線 交野市
86%
京阪本線 樟葉
86%
京阪本線 香里園
86%
京阪本線 七条
86%
京阪本線 丹波橋
86%
京阪本線/宇治線 中書島
86%
石山坂本線 石山寺
79%
京津線 京阪山科
79%
鴨東線 神宮丸太町
79%
京阪本線 東福寺
79%
京阪本線 門真市
71%
京阪本線 清水五条
71%
石山坂本線 京阪石山
71%
石山坂本線 京阪膳所
71%
石山坂本線 坂本比叡山口
71%
京阪本線 千林
71%
京阪本線 野江
71%
京津線/石山坂本線 びわ湖浜大津
71%
京津線 御陵
71%
宇治線 六地蔵
71%
宇治線 黄檗
64%
交野線 私市
64%
石山坂本線 京阪大津京
64%
京阪本線 関目
64%
京阪本線 滝井
64%
京阪本線 土居
64%
京阪本線 枚方公園
64%
京阪本線 龍谷大前深草
64%
中之島線 大江橋
57%
京津線 大谷
57%
京阪本線 鳥羽街道
57%
京阪本線 西三荘
57%
京阪本線 橋本
57%
京阪本線 藤森
57%
京阪本線 伏見稲荷
57%
中之島線 渡辺橋
57%
京津線 追分
50%
石山坂本線 大津市役所前
50%
京津線 上栄町
50%
京阪本線 光善寺
50%
宇治線 木幡
50%
京津線 四宮
50%
中之島線 なにわ橋
50%
京阪本線 古川橋
50%
京阪本線 森小路
50%
石山坂本線 穴太
43%
宇治線 観月橋
43%
京阪本線 墨染
43%
京阪本線 伏見桃山
43%
京阪本線 牧野
43%
宇治線 三室戸
43%
石山坂本線 近江神宮前
36%
京阪本線 大和田
36%
交野線 河内森
36%
京阪本線 御殿山
36%
交野線 村野
36%
宇治線 桃山南口
36%
石山坂本線 唐橋前
29%
交野線 郡津
29%
石山坂本線 島ノ関
29%
石山坂本線 膳所本町
29%
交野線 星ヶ丘
29%
石山坂本線 三井寺
29%
石山坂本線 粟津
21%
石山坂本線 石場
21%
石山坂本線 瓦ヶ浜
21%
鋼索線 ケーブル八幡宮口
21%
鋼索線 ケーブル八幡宮山上
21%
石山坂本線 滋賀里
21%
石山坂本線 中ノ庄
21%
石山坂本線
21%
石山坂本線 松ノ馬場
21%
石山坂本線 南滋賀
21%
交野線 宮之阪
21%
No matching quizzes found
Score Distribution
Percent of People with Each Score
Percentile by Number Answered
Your Score History
You have not taken this quiz